UPSC General Studies Question Bank (2011-2023): (Record no. 208825)
[ view plain ]
| 000 -LEADER | |
|---|---|
| fixed length control field | 00620nam a22001937a 4500 |
| 005 - DATE AND TIME OF LATEST TRANSACTION | |
| control field | 20250128105613.0 |
| 010 ## - LCCN (DPL NO) | |
| LC control number | ENG-143815 |
| 020 ## - INTERNATIONAL STANDARD BOOK NUMBER | |
| International Standard Book Number | 9788196154080 |
| Terms of availability | 398.00 |
| 035 ## - SYSTEM CONTROL NUMBER | |
| System control number | EN-127147 |
| 037 ## - SOURCE OF ACQUISITION | |
| Source of stock number/acquisition | DBAD |
| 082 ## - DEWEY DECIMAL CLASSIFICATION NUMBER | |
| Classification number | 000 |
| 100 ## - MAIN ENTRY--PERSONAL NAME | |
| Personal name | Navaneethan S |
| 245 ## - TITLE STATEMENT | |
| Title | UPSC General Studies Question Bank (2011-2023): |
| Statement of responsibility, etc | By S Navaneethan |
| Remainder of title | Preliminary Work Book - UPSC Preliminary Book/ |
| 250 ## - EDITION STATEMENT | |
| Edition statement | 1 |
| 260 ## - PUBLICATION, DISTRIBUTION, ETC. (IMPRINT) | |
| Place of publication, distribution, etc | Chennai |
| Name of publisher, distributor, etc | Tamizhi Books |
| Date of publication, distribution, etc | 2023 |
| 270 ## - ADDRESS | |
| Address | 20th Main Road, Anna Nager tamil Nadu |
| City | Chennai |
| Postal code | 600040 |
| 300 ## - PHYSICAL DESCRIPTION | |
| Extent | 340p. |
| Other physical details | Appendix |
| Dimensions | 28cm(pb) |
| 942 ## - ADDED ENTRY ELEMENTS (KOHA) | |
| Source of classification or shelving scheme | Dewey Decimal Classification |
| Item type | English Books |
| Classification part | 000 |
| Call number suffix | NAV |
| Withdrawn status | Lost status | Not for loan | Collection code | Home library | Current library | Date acquired | Source of acquisition | Cost, normal purchase price | Full call number | Barcode | Copy number | Cost, replacement price | Koha item type |
|---|---|---|---|---|---|---|---|---|---|---|---|---|---|
| Non-fiction | Vinoba Puri | Vinoba Puri | 28/01/2025 | Delivery of Books Act Division | 398.00 | 000 NAV | EN-127147 | 1 | 398.00 | English Books |
